Majmūʻah fī al-ḥikmah al-Ilāhīyah /
Main Author:
Other Authors:
Format: Book
Language:
Arabic
French
Published:
Istānbūl :
Maṭbaʻat al-Maʻārif,
1945-1952.
Series:
Nashrīyāt al-Islāmīyah ;
16a.
Subjects:
Tags: Add Tag
Call Number: B753 .S8 v.1-2
| LEADER | 02501nam a2200373Ia 4500 | ||
|---|---|---|---|
| 003 | OSt | ||
| 005 | 20221228073159.0 | ||
| 008 | 130303m19459999tu g b 001 0 ara d | ||
| 952 | |0 0 |1 0 |2 lcc |3 V.1 |4 0 |6 B0753 S8 V.00001-00002 |7 1 |9 45209 |a ARCE |b ARCE |d 2022-12-28 |l 0 |o B753 .S8 v.1-2 |p 1022005 |r 2022-12-28 00:00:00 |w 2022-12-28 |y BK | ||
| 952 | |0 0 |1 0 |2 lcc |3 V.2 |4 0 |6 B0753 S8 V.00001-00002 |7 1 |9 63446 |a ARCE |b ARCE |d 2024-02-28 |l 0 |o B753 .S8 v.1-2 |p 1022006 |r 2024-02-28 00:00:00 |w 2024-02-28 |y BK | ||
| 999 | |c 30142 |d 30142 | ||
| 040 | |c ARCE Library | ||
| 041 | 0 | |a ara |a fre | |
| 050 | 4 | |a B753 .S8 v.1-2 | |
| 100 | 1 | |6 880-01 |a Suhrawardī, Yaḥyá ibn Ḥabash, |d 1152 or 1153-1191, |e author | |
| 245 | 1 | 0 | |6 880-02 |a Majmūʻah fī al-ḥikmah al-Ilāhīyah / |c min muṣannafāt Shihāb al-Dīn Yaḥyā ibn Ḥabash al-Suhrawardī ; ʻuniya bi-taṣḥīḥih H. Kūrbīn. |
| 246 | 1 | 5 | |a Opera metaphysica et mystica. |
| 264 | 1 | |a Istānbūl : |b Maṭbaʻat al-Maʻārif, |c 1945-1952. | |
| 300 | |a 2 volumes ; |c 25 cm. | ||
| 490 | 1 | |a Nashrīyāt al-Islāmīyah ; |v 16a. | |
| 500 | |a Vol. 2, with title: Majmūʻah-ʼi duvvum-i musạnnafāt-i Shaykh Ishrāq Shihāb al-Dīn Yahỵā Suhravardī dar hịkmat-i Ilāhī / bā tasḥị̄hạ̄t wa-muqaddimah bi-zabān-i Farānsah bi-qalam-i Hinrī Kurbīn. | ||
| 500 | |a Vol. 2 Has imprint: Tihrān : Anstītū-i Īrān va Farānsah, Qismat-i Īrānshināsī. | ||
| 504 | |a Includes bibliographical references and index. | ||
| 505 | 0 | |a v. 1. Kitāb al-Talwīhạ̄t, Kitāb al-Muqāwamāt, Kitāb al-Mashāriʻ wa-al-mutạ̄rạāt al-lawhị̄yah wa-al-ʻarshīyah, Prolégomènes -- v. 2., pt. 1. Kitāb Hịkmat al-ishrāq (matn-i ʻArabī), Risālah fī iʻtiqād al-hụkamāʼ (matn-i ʻArabī), Qisṣạt al-ghurbah al-gharbīyah (matn-i ʻArabī bā tarjumah va sharh-̣i Fārsī), Prolégomènes II. | |
| 546 | |a Text in Arabic ; Introduction in French. | ||
| 650 | 0 | |a Mysticism |x Islam |v Early works to 1800. | |
| 650 | 0 | |a Philosophy, Arab |v Early works to 1800. | |
| 650 | 0 | |a Philosophy, Iranian |v Early works to 1800. | |
| 700 | 1 | |a Corbin, Henry. |9 28311 | |
| 830 | 0 | |a Nashrīyāt al-Islāmīyah ; |v 16a. | |
| 880 | 1 | |6 100-01/(3/r |a سهروردي، يحيى بن حبش، |d 1152 أو 1153-1191 | |
| 880 | 1 | 0 | |6 245-02/(3/r |a مجموعة في الحكمة الإلاهية |c مصنفات شهاب الدين يحيى بن حبش السهروردي ؛ عني بتصحيحه ه. كوربين |
| 901 | |a reviewed | ||
| 942 | |c BK |2 lcc | ||
